The Good Shepherd

Đã lưu trong:
Chi tiết về thư mục
Tác giả chính: Gunnarson, Gunnar
Định dạng: Sách
Ngôn ngữ:Undetermined
Được phát hành: Indianápolis, Estados Unidos The Bobbs-Merrill 1940
Những chủ đề:
Các nhãn: Thêm thẻ
Không có thẻ, Là người đầu tiên thẻ bản ghi này!

MARC

LEADER 00000nam a2200000Ia 4500
008 170316s9999 xx 000 0 und d
040 |a cru BVZT 
090 |a 810 G-25g 
100 |a Gunnarson, Gunnar 
245 4 |a The Good Shepherd 
260 |a Indianápolis, Estados Unidos 
260 |b The Bobbs-Merrill 
260 |c 1940 
300 |a 84 páginas 
650 |a LITERATURA ESTADOUNIDENSE 
999 |c 5675  |d 5675 
942 |c 15 D  |h 810 G-25g  |2 z